ARRUPE JESUIT UNIVERSITY

CORONAVIRUS -STOP THE SPREAD - CLEAN,DISINFECT,COVER

The holy eucharist (Record no. 119880)

MARC details
000 -LEADER
fixed length control field 00375nam a22001337a 4500
005 - DATE AND TIME OF LATEST TRANSACTION
control field 20140319020007.0
008 - FIXED-LENGTH DATA ELEMENTS--GENERAL INFORMATION
fixed length control field 140203b xxu||||| |||| 00| 0 eng d
050 ## - LIBRARY OF CONGRESS CALL NUMBER
Classification number BX2215.2
Item number L523213
100 ## - MAIN ENTRY--PERSONAL NAME
Personal name Dollen, Charles
9 (RLIN) 7707
245 ## - TITLE STATEMENT
Title The holy eucharist
Statement of responsibility, etc Dollen, Charles
260 ## - PUBLICATION, DISTRIBUTION, ETC. (IMPRINT)
Place of publication, distribution, etc New York
Name of publisher, distributor, etc Alba House
Date of publication, distribution, etc 1994
300 ## - PHYSICAL DESCRIPTION
Extent xi, 148p.;
Dimensions 21cm.
942 ## - ADDED ENTRY ELEMENTS (KOHA)
Source of classification or shelving scheme Library of Congress Classification
Item type Monograph ( Printed materials)
Koha issues (borrowed), all copies 2
Holdings
Withdrawn status Lost status Source of classification or shelving scheme Damaged status Not for loan Collection code Home library Current library Shelving location Date acquired Total Checkouts Full call number Barcode Date last seen Date last borrowed Price effective from Koha item type
    Library of Congress Classification     Main Collection ARRUPE LIBRARY ARRUPE LIBRARY Main Collection 03/02/2014 2 BX2215.2 L523213 464123464 22/11/2017 18/03/2014 03/02/2014 Monograph ( Printed materials)

 

Arrupe Library. PO Box MP320 Mt Pleasant, Harare, Zimbabwe
263 242 745411|librarian@aju.ac.zw